Added value supports the manufacturing of rubber wood furniture (Record no. 47720)

MARC details
000 -LEADER
fixed length control field 00413nam a2200157Ia 4500
100 ## - MAIN ENTRY--AUTHOR NAME
Personal name Mohd Amin I
245 #0 - TITLE STATEMENT
Title Added value supports the manufacturing of rubber wood furniture
260 ## - PUBLICATION, DISTRIBUTION, ETC. (IMPRINT)
Name of publisher Dataniaga
Year of publication 1995
300 ## - PHYSICAL DESCRIPTION
Number of Pages 30-32
500 ## - GENERAL NOTE
General note AGRIS CD 1995-1996
650 ## - SUBJECT ADDED ENTRY--TOPICAL TERM
Topical Term Commodity markets
650 ## - SUBJECT ADDED ENTRY--TOPICAL TERM
Topical Term Malaysia
650 ## - SUBJECT ADDED ENTRY--TOPICAL TERM
Topical Term Wood industry
942 ## - ADDED ENTRY ELEMENTS (KOHA)
Koha item type Bibliography RLWO
Holdings
Withdrawn status Lost status Damaged status Not for loan Home library Current library Date acquired Serial Enumeration / chronology Koha item type
      Bibliography RRII Library RRII Library 31/12/2021 Volume 3, Issue Bibliography RLWO